000 00651nam a2200277Ia 4500
005 20260324135043.0
008 008 260324s9999 xx 000 0 eng d
020 _a9780203952948
037 _aEBOOK
040 _aCRL
040 _beng
040 _cCRL
041 _2eng
041 _aeng
084 _qCRL
100 _aLawrence C. Becker; Charlotte B. Becker
_91199159
245 0 _aEncyclopedia of Ethics
260 _bTaylor and Francis
260 _c2001
365 _a
365 _b1155
856 _uhttp://www.taylorfrancis.com/books/9780203952948
942 _cEBOOK
999 _c1799852
_d1799852